Word Scramble - U.K - Statistics

General Stats
  • This quiz has been taken 170 times
  • The average score is 10 of 16
Answer Stats
Hint Answer % Correct
odnoln London
98%
gbi neb Big Ben
90%
fshi nda ichps Fish and Chips
90%
ochl sene Loch Ness
86%
ubgry Rugby
85%
ogsalgw Glasgow
83%
oninu kacj Union Jack
79%
liamlwi pkaseshare William Shakespeare
79%
draffic Cardiff
64%
minkcubgha ecpala Buckingham Palace
59%
koshlerc mlheso Sherlock Holmes
42%
hnnestgoe Stonehenge
41%
rumcy Cymru
40%
burindghe Edinburgh
35%
het bselate The Beatles
28%
nitcant Titanic
25%
No matching quizzes found
Score Distribution
Percent of People with Each Score
Percentile by Number Answered
Your Score History
You have not taken this quiz